• 首页
  • 本馆介绍
  • 公告通知
  • 最新文献
  • 馆藏检索
  • 电子资源
  • 读者导购
  • 参考咨询
  • 我的图书馆
  • 登录
  • 详细信息显示
  • 放入我的书架
  • 预约/预借图书
  • 作者相关作品
  • 分类相关作品
  • 丛书相关作品
  • 出版社相关作品

书目信息

  • 表格格式
  • 工作单格式
  • 卡片格式
题名:
奥林匹克运动会成绩和纪录
    
 
作者: 石戈 编译
分册:  
出版信息: 北京   人民体育出版社  1964
页数: 241页
开本: 20cm
丛书名:
单 册:
中图分类: G811.81
科图分类:
主题词: 奥运会--运动成绩
电子资源:
ISBN: 7015.1229
000 00696cam0 2200241 450
001 0105495418
005 20140618144736.0
010    @a7015.1229@dCNY1.20
091    @a7015.1229@dCNY1.20
100    @a20021005d1964 em y0chiy0110 ea
101 1  @achi
102    @aCN@b110000
105    @ak z 000yy
106    @ar
200 1  @a奥林匹克运动会成绩和纪录@9Ao Lin Pi;Ya Ke Yun Dong Hui;Kuai Cheng Ji He;Huo;Hu Ji Lu @f石戈编译@b专著
210    @a北京@c人民体育出版社@d1964
215    @a241页@c表@d20cm
300    @a内部资料
606 0  @a奥运会@x运动成绩
690    @aG811.81@v3
701  0 @a石戈@9shi ge@4编译
801  0 @aCN@b上海图书馆@c19970403
905    @aBZT@dG811.81@e1@f1@sG811.81/1
    
    奥林匹克运动会成绩和纪录/石戈编译.-北京:人民体育出版社,1964
    241页:表;20cm
    内部资料
    
    ISBN 7015.1229:CNY1.20
    
●
相关链接 在五车中查询图书 在当当中查询图书 在豆瓣中查询图书


正题名:奥林匹克运动会成绩和纪录     索取号:G811.81/1         预约/预借

序号 登录号 条形码 馆藏地/架位号 状态 备注
1 2000116084   2000116084   旧书回溯/ [索取号:G811.81/1] 在馆    
山东省滨州职业学院图书馆 欢迎您!
大连网信软件有限公司© 版权所有